1771 1749 1577 1528 1320 1639 1826 1756 1954 1244 1479 1476 1330 1158 1943 1325 1978 1860 1230 1537 1713 1056 1905 1844 1850 1644 1643 1756 1944 1069 1443 1600 1469 1975 1847 1250 1687 1098 1119 1450 1030 1298 1213 1647 1967 1042 1111 1830 1100 1279 1315 1507 1836 1595 1548 1925 1137 1252 1276 1507 1615 1653 1191 1306 1286 1239 1114 1605 1351 1905 1244 1477 1052 1733 1628 1571 1789 1970 1706 1271 1861 1594 1256 1925 1398 1507 1659 1024 1713 1039 1997 1585 1834 1765 1830 1530 1548 1666 1322 BCNSPRNW ULIB Ver.6.0+V

เปลี่ยนเป็นภาษาไทย

Change to English
 แสดงรายละเอียดบรรณานุกรม
  กลับหน้าหลัก

Brief Record : Get Marc (ISO 2709) : E-mail record : QR code < ปิดหน้าต่าง
LEADER : 00000nam 2200000uu 4500
001    13399122792
003     ULIB
008    130926s2555||||th 000 0 tha d
020    ^a9786163054883
060  4 ^aWS113^bพ713พ
100    ^aพิภพ จิรภิญโญ
245    ^aคัมภีร์เลี้ยงลูกให้เก่งและดี ดีกรีฮาร์วาร์ด :^bพื้นฐานในการเลี้ยงลูกให้เก่งและดี /^cพิภพ จิรภิญโญ
246 21 ^aพื้นฐานในการเลี้ยงลูกให้เก่งและดี
250    ^aพิมพ์ครั้งที่ 1
260    ^aกรุงเทพฯ^bอมรินทร์,^c2555
300    ^a163 หน้า
500    ^aหนังสือชุด คัมภีร์เลี้ยงลูกให้เก่งและดี ดีกรีฮาร์วาร์ด มี 4 เล่ม คือพื้นฐานในการเลี้ยงลูกให้เก่งและดี,Lovely DNA สายพันธุ์แห่งรัก,เลี้ยงลูกผ่าน E-mail,สายพันธุ์แห่งรักในฮาร์วาร์ด
650  7 ^aเลี้ยงลูก
650  0 เด็ก^xการดูแล
710 1  ^aมหาวิทยาลัยมหิดล.^bคณะแพทยศาสตร์ศิริราชพยาบาล.^bภาควิชากุมารเวชศาสตร์
945    ^p140^l0^i034021
999    ^aเกษร โพธิ์สุวรรณ
รายการนี้ยังไม่มีแท็ก
คุณยังไม่ได้ล็อกอิน คุณสามารถมีกิจกรรมร่วมกับเว็บไซต์ได้ แต่ต้องล็อกอินก่อน ::
  ล็อกอิน

รายการสื่อสารสนเทศ

ลำดับที่ ประเภท เลขเรียก/บาร์โค้ด สถานที่ สถานะ
1. วิทยาศาสตร์การแพทย์ และสุขภาพ
หนังสือสำรอง
สถานะ=หนังสือสำรอง
WS113 พ713พ ฉ.1 
  Barcode: 034021
ห้องสมุดวิทยาเขตสวรรค์ประชารักษ์
►ส่วนจัดเก็บหนังสือเก่า สปร
บนชั้น
  ขอยืม

รายการใกล้เคียง
    ผู้แต่ง [พิภพ จิรภิญโญ]

    หัวเรื่อง [เลี้ยงลูก]
    หัวเรื่อง [เด็ก การดูแล]

BibComment


ยังไม่เคยถูกคอมเมนท์

คอมเมนท์ทรัพยากรรายการนี้
  คอมเมนท์: คัมภีร์เลี้ยงลูก..


 Copyright 2026. Bcnsprnw @Library